000 00601nam a2200193Ia 4500
003 LDD
008 190117s9999 xx 000 0 und d
020 _a9788180313738
_c₹295
040 _cLDD
041 _ahi
082 _a8H3.7 य69252दे
100 _aयशपाल
245 0 _aदेशद्रोही
_cयशपाल
260 _aइलाहाबाद
_bलोकभारती प्रकाशन
_c2009
300 _a216p.
901 _aKGP
904 _aReqst by : jitandra kumar srivasta
942 _2ddc
_cH
999 _c167644
_d167644